Statystyki dla Miasta przy Drodze Krajowej nr 25

Kliknij tutaj aby rozwiązać quiz!

Ogólne statystyki

  • Ten quiz został rozwiązany 24 razy
  • Średni wynik to 12 z 17

Statystyki odpowiedzi

LudnośćWojewództwoMiasto% Poprawnych
348 190Kujawsko-PomorskieBydgoszcz
100%
72 561Kujawsko-PomorskieInowrocław
100%
99 761WielkopolskieKalisz
100%
73 522WielkopolskieKonin
100%
71 931WielkopolskieOstrów Wielkopolski
92%
5 611Kujawsko-PomorskieStrzelno
75%
13 869PomorskieCzłuchów
71%
3 136WielkopolskieŚlesin
67%
11 089Kujawsko-PomorskieKoronowo
63%
2 171ZachodniopomorskieBiały Bór
58%
4 061ZachodniopomorskieBobolice
58%
9 093Kujawsko-PomorskieSępólno Krajeńskie
58%
1 494WielkopolskieStawiszyn
58%
2 364Kujawsko-PomorskieKamień Krajeński
54%
2 354DolnośląskieMiędzybórz
54%
2 357WielkopolskieRychwał
54%
4 752WielkopolskieNowe Skalmierzyce
50%

Rozkład punktacji

Percentyl według liczby udzielonych odpowiedzi

Procent ludzi z każdym wynikiem

Twoja historia wyników

Nie rozwiązałeś tego quizu